=LDR 00000nam 2200000 4500 =001 NUTBA000000000006180 =005 20141125075501.0 =006 =007 =008 =020 ##$$a 6028134115 =035 ##$$a 0010-111400000000659 =040 ##$$a NBPDMAT =082 ##$$a 641.30 2 =090 ##$$a 641.30 2 $b Nin m =100 ##$$a Nina Surtiretna =245 ##$$a Mengenal makanan dan kesehatan / $c Nina Surtiretna =250 ##$$a Cet.2 =260 ##$$a Bandung : $b Wahana Iptek , $c 2007 =300 ##$$a 64 hlm. : $b ilus. ; $c 20 cm. =500 ##$$a Bibliografi : hlm. 59 , Indeks : hlm. 64 =650 ##$$a Makanan dan Kesehatan =850 ##$$a NBPDMAT